00339nam a2200121Ia 4500008004100000041000800041082002000049100001900069245004500088260004800133300003100181365000500212240624s9999 xx 000 0 und d aeng a338.5024658 WIL aWILKINSON NICK aMANAGERIAL ECONOMICS A PROBLEM SOLVING A c2005aCambridgebCambridge University Press axxi, : 533 : p. : cm. ; 26 c